000 00318nam a22001337a 4500
008 170919b xxu||||| |||| 00| 0 eng d
020 _a9780205668946
041 _aeng
080 _27 ED
_a7
100 _a44
101 _aART
245 _aA SHORT GIDE TO WRITING ABOUT FILM
_cCORRIGAN.T
942 _2udc
_cBK
999 _c28237
_d28237